A pecsenyecsirke-nevelés eredményeinek elemzése a szentesi Termál Termelőszövetkezet baromfitelepén
Elmentve itt :
| Szerző: | |
|---|---|
| További közreműködők: | |
| Dokumentumtípus: | Szakdolgozat |
| Megjelent: |
1982
|
| Kulcsszavak: | Baromfitenyésztés Csirkenevelés Szentes |
| Tárgyszavak: | |
| Online Access: | http://diploma.bibl.u-szeged.hu/98587 |
| LEADER | 00781nta a2200229 i 4500 | ||
|---|---|---|---|
| 001 | dipl98587 | ||
| 005 | 20211220133943.0 | ||
| 008 | 211220s1982 hu om 0|| hun d | ||
| 040 | |a SZTE Diploma Repozitórium |b hun | ||
| 041 | |a hun | ||
| 100 | 1 | |a Ferenczi János | |
| 245 | 1 | 2 | |a A pecsenyecsirke-nevelés eredményeinek elemzése a szentesi Termál Termelőszövetkezet baromfitelepén |h [elektronikus dokumentum] / |c János Ferenczi |
| 260 | |c 1982 | ||
| 300 | |a 42 | ||
| 650 | 4 | |a Agrár | |
| 650 | 4 | |a Agricultural sciences | |
| 650 | 4 | |a Animal and Dairy science | |
| 695 | |a Baromfitenyésztés | ||
| 695 | |a Csirkenevelés | ||
| 695 | |a Szentes | ||
| 700 | 1 | |a Sófalvy Ferenc |e ths | |
| 856 | 4 | 0 | |u http://diploma.bibl.u-szeged.hu/id/eprint/98587/1/1982_ferenczi_janos.pdf |z Dokumentum-elérés |